| 000 | 00495nam a2200157 i 4500 | ||
|---|---|---|---|
| 001 | 94413 | ||
| 003 | ES-MaACL | ||
| 007 | t| | ||
| 008 | 050429s1983 sp ||||1| spa d | ||
| 100 | 1 |
_aLorca Navarrete, José F. _974078 |
|
| 245 | 1 | 3 |
_aEl proceso autonómico andaluz _b: (entre el sentimiento y la razón de un pueblo) / _cJosé F. Lorca Navarrete. |
| 250 | _a[1ª ed.]. | ||
| 260 |
_aMadrid : _bMezquita, _c1983. |
||
| 300 |
_aXII, 269 p. ; _c19 cm. |
||
| 852 |
_aES-MaACL _jL-5170 _bR.105478 |
||
| 999 |
_c94413 _d94413 |
||